000 00583nam a2200181Ia 4500
003 GCL
008 140319s9999 xx 000 0 ara d
040 _aGCL /
_cGCL
082 0 4 _a891.18
_bا ف
100 1 _aاحمد سليمان الاحمد
245 1 0 _aفابتزاروف: شاعر بلغاريا الشهيد /
_cاحمد سليمان الاحمد
300 _a119 ص
490 _aمجموعة المعارف الشعرية
_v0
650 0 4 _aالشعراء الاوربيين
650 0 4 _aالشعر البلغارى
650 0 4 _aفابتزاروف
942 _2ddc
_cBK
999 _c38192
_d38192